00394 a2200121 450000500170000002000220001708200150003910000200005424500470007426000470012130000830016870000210025120250626061335.0 a978-9987-8741-1-5 a651.7 TAM aTAMBWE, M .A . aBusiness Communication: A Practical Guide aDar es salaam,bMam Consulting Ltd,c2013. av, 130p.: ill.; figure, picture, table,bBibliography & references.c29cm. aNKEBUKWA, L .L .